Personnages de Beastars par images - Statistiques

Statistiques générales
  • Ce quiz a été pris 23 fois
  • Le résultat moyen est 9 sur 16
Statistiques - réponses
Par images Réponse % Correct
Louis
100%
Haru
94%
Legoshi
94%
Jack
82%
Juno
76%
Melon
71%
Bill
65%
Gohin
65%
Tem
59%
Pina
53%
Gosha
47%
Yahya
41%
Aoba
35%
Rizu
24%
Sagwan
18%
Sebun
0%
Aucun quiz correspondant
Distribution des résultats
% des personnes avec chaque résultat
Percentile par nombre de réponses
Votre historique - résultats
Vous n’avez pas pris ce quiz